Intelectuales indígenas en Ecuador: hablan y escriben mujeres kichwas /
Este artículo explora la producción intelectual de dos mujeres kichwas de la sierra ecuatoriana: Dolores Cacuango, cuya obra se localiza entre los años 1930 y 1970, y Luz María de la Torre, quien trabaja entre los años 1970 y la actualidad. Estas dos mujeres ponen en cuestión la idea misma de nación...
Guardado en:
| Hovedforfatter: | |
|---|---|
| Format: | Texto |
| Sprog: | Spanish |
| Fag: | |
| Tags: |
Tilføj Tag
Ingen Tags, Vær først til at tagge denne postø!
|
MARC
| LEADER | 00000 a a2200000 04500 | ||
|---|---|---|---|
| 001 | 45743 | ||
| 003 | cru CIDCACS/IIS | ||
| 005 | 20220420104943.0 | ||
| 007 | ta | ||
| 008 | 181119b ||||| |||| 00| 0 spa d | ||
| 040 | |c CRAI/IIS |a CRAI/IIS | ||
| 100 | |a Prieto, Mercedes | ||
| 245 | |a Intelectuales indígenas en Ecuador: |b hablan y escriben mujeres kichwas / |c Mercedes Prieto, Verónica Guaján | ||
| 520 | |a Este artículo explora la producción intelectual de dos mujeres kichwas de la sierra ecuatoriana: Dolores Cacuango, cuya obra se localiza entre los años 1930 y 1970, y Luz María de la Torre, quien trabaja entre los años 1970 y la actualidad. Estas dos mujeres ponen en cuestión la idea misma de nación. La primera lo hace polemizando con la narrativa oficial y proponiendo a los pueblos originarios como dueños de los territorios disputados; la segunda, rescatando conceptos nativos que cuestionan la homogenización cultural y el proceso civilizatorio nacional. | ||
| 650 | 0 | |9 126 |a CULTURA | |
| 650 | 0 | |9 88 |a MUJERES | |
| 650 | 4 | |9 3205 |a NACION | |
| 650 | 0 | |9 416 |a INTELECTUALES | |
| 650 | 0 | |9 2486 |a MUJERES RURALES | |
| 651 | 0 | |9 74 |a ECUADOR | |
| 773 | |g número245 (2013), páginas 136-148 | ||
| 942 | |2 ddc |c PP | ||
| 999 | |c 18429 |d 18429 | ||
